000
00351nam a22001457a 4500
008
180813b xxu||||| |||| 00| 0 eng d
020
_a
0023397004
041
_a
eng
080
_a
616.120
082
_a
616.120
100
_a
7
101
_a
KAR
245
_a
Angiocardiography of congenital heart disease
_c
CULHAM. J.A.G
942
_2
udc
_c
BK
999
_c
47005
_d
47005